000 00388nam a22001217a 4500
999 _c9820
_d9820
003 OSt
008 201203b ||||| |||| 00| 0 eng d
245 _aTraining And Development Journal [TDJ]
250 _a2013(Jan-Jun Vol.4 No.1, Jul-Dec Vol.4 No.2) 2014(Jan-Jun Vol.5 No.1, Jul-Dec Vol.5 No.2)
260 _bDiva Enterprises Pvt. Ltd.
_aNew Delhi
650 _aManagement
942 _2ddc
_cBV